000 00657nam a2200181Ia 4500
008 100920s9999 xx 000 0 und d
082 _b102424
_a28 व 891,43 न 08
100 _aविजयकुमार बिरसा.
245 _aअंतरिक्ष की सैर.
260 _bअभिव्यक्ती प्रकाशन , दिल्ली.
_c2008
300 _a80
_bसाधी
365 _b75
520 _aबा.वि.हिंदी.
630 _aअंतरिक्ष की सैर.
650 _aबा.वि.हिंदी.
730 _aअंतरिक्ष की सैर.
942 _cBOOK
999 _c742857
_d742854